| 000 | 00449nam a2200109Ia 4500 | ||
|---|---|---|---|
| 008 | 160712s9999 xx 000 0 und d | ||
| 100 | _aJamal, Ashraf. | ||
| 245 |
_cAshraf Jamal _aA Soft Slab of Fresh Clay: Musings on a Broken Land and a Funny Piece of Water |
||
| 260 |
_c2015 _bJournal of English Studies and Comparative Literature |
||
| 650 | _xLITERATURE | ||
| 856 | _uhttp://journals.upd.edu.ph/index.php/jescl/issue/view/Special%20Edition/showToc | ||
| 999 |
_c297059 _d297059 |
||